Pediatric physical therapy / (Record no. 6673)

MARC details
000 -LEADER
fixed length control field 00863pam a2200265 a 4500
001 - CONTROL NUMBER
control field 2436783
003 - CONTROL NUMBER IDENTIFIER
control field OSt
005 - DATE AND TIME OF LATEST TRANSACTION
control field 20200225090127.0
008 - FIXED-LENGTH DATA ELEMENTS--GENERAL INFORMATION
fixed length control field 880628s1989 paua b 001 0 eng c
010 ## - LIBRARY OF CONGRESS CONTROL NUMBER
LC control number 88013311
020 ## - INTERNATIONAL STANDARD BOOK NUMBER
International Standard Book Number 0397549628
040 ## - CATALOGING SOURCE
Original cataloging agency DNLM/DLC
Transcribing agency DLC
Modifying agency DLC
082 ## - DEWEY DECIMAL CLASSIFICATION NUMBER
Classification number WB 460
Item number P341p 1994
100 ## - MAIN ENTRY--PERSONAL NAME
Personal name Tecklin,Jan stephen;
9 (RLIN) 10780
245 00 - TITLE STATEMENT
Title Pediatric physical therapy /
Statement of responsibility, etc. [edited by] Jan Stephen Tecklin ; with 14 contributors.
250 ## - EDITION STATEMENT
Edition statement 2nd ed.
260 ## - PUBLICATION, DISTRIBUTION, ETC. (IMPRINT)
Place of publication, distribution, etc. Philadelphia :
Name of publisher, distributor, etc. Lippincott,
Date of publication, distribution, etc. 1994
300 ## - PHYSICAL DESCRIPTION
Extent xiii, 354 p. :
Other physical details ill. ;
Dimensions 24 cm.
504 ## - BIBLIOGRAPHY, ETC. NOTE
Bibliography, etc Includes bibliographies and index.
650 #0 - SUBJECT ADDED ENTRY--TOPICAL TERM
Topical term or geographic name as entry element Physical therapy for children.
9 (RLIN) 10778
650 #2 - SUBJECT ADDED ENTRY--TOPICAL TERM
Topical term or geographic name as entry element Physical Therapy
General subdivision in infancy & childhood.
9 (RLIN) 10779
700 1# - ADDED ENTRY--PERSONAL NAME
Personal name Tecklin, Jan Stephen.
9 (RLIN) 10780
906 ## - LOCAL DATA ELEMENT F, LDF (RLIN)
a 7
b cbc
c orignew
d 1
e ocip
f 19
g y-gencatlg
942 ## - ADDED ENTRY ELEMENTS (KOHA)
Source of classification or shelving scheme Other/Generic Classification Scheme
Koha item type Open Shelf
Holdings
Withdrawn status Lost status Source of classification or shelving scheme Damaged status Not for loan Home library Current library Date acquired Inventory number Total Checkouts Full call number Barcode Date last seen Price effective from Koha item type
    Dewey Decimal Classification     MUST Main Library MUST Main Library 25/02/2020 02/17545   WB 460 P341p 1994 2020-0593 25/02/2020 25/02/2020 Open Shelf